| 000 | 00761nam a2200253 a 4500 | ||
|---|---|---|---|
| 001 | BRCA_4166 | ||
| 005 | 20190320204553.0 | ||
| 008 | 210410s1941----mx-a######---#000-0#spa-# | ||
| 041 | _aspaeng | ||
| 044 | _amx | ||
| 050 | 4 |
_aNK4340 _b.M49 1941 |
|
| 245 | 1 | 0 | _aMéxico. |
| 260 |
_aMéxico _bSecretaría de Gobernación, Departamento de Turismo : Asociación Mexicana de Turismo _c1941 |
||
| 300 |
_a32 p. _bil. _c30 cm. |
||
| 500 | _aNo. 2 octubre, 1941, Vol. 1 1941-42 | ||
| 500 | _aRevista inventariada por Banco de México como libro | ||
| 500 | _aA16 | ||
| 546 | _aTexto en español e inglés | ||
| 650 | 1 | 4 |
_aCerámica mexicana _910765 |
| 650 | 1 | 4 |
_aTalavera poblana _91700 |
| 650 | 1 | 4 |
_aCerámica _zPuebla _910766 |
| 902 | _aGFM | ||
| 942 |
_2lcc _cB |
||
| 999 |
_c3882 _d3882 |
||